P:llä alkavat Suomen kaupungit - Statistics

Yleistilastot
  • Tätä visaa on pelattu 69 kertaa
  • Keskiarvotulos 7 / 9
Vastaustilastot
Hint Vastaus % Oikein
Satakunta Pori
98%
Uusimaa Porvoo
91%
Varsinais-Suomi Parainen
74%
Etelä-Savo Pieksämäki
74%
Varsinais-Suomi Paimio
70%
Pohjanmaa Pietarsaari
70%
Pirkanmaa Parkano
67%
Pohjois-Pohjanmaa Pyhäjärvi
58%
Pohjois-Pohjanmaa Pudasjärvi
54%
Ehtoja vastaavia visoja ei löytynyt
Tulosjakauma
Jokaisen tuloksen saaneiden osuus
Persentiili vastausten määrän mukaan
Tuloshistoriasi
Et ole pelannut tätä visaa